[Event "SR 3. liga A2 2009/2010"]
[Site "?"]
[Date "2010.03.14"]
[Round "10.5"]
[White "Hrubsa, Marian"]
[Black "Vlkovic, Pavol"]
[Result "1-0"]
[WhiteElo "1930"]
[BlackElo "1930"]
[PlyCount "73"]
[EventDate "2009.??.??"]

1. e4 Nf6 2. e5 Nd5 3. d4 d6 4. c4 Nb6 5. f4 dxe5 6. fxe5 Bf5 7. Nc3 e6 8. Be3
Nc6 9. Nf3 Bb4 10. Bd3 Bg4 11. O-O Nxd4 12. Bxd4 Bxf3 13. Qxf3 Qxd4+ 14. Kh1
O-O 15. Qh3 g6 16. Ne4 h5 17. Qg3 Nd7 18. Nf6+ Nxf6 19. exf6 Bd6 20. Qf3 Qg4
21. Qe3 Rfd8 22. Qh6 Bf8 23. Qd2 Qxc4 24. Rf3 Qd4 25. Raf1 Qb4 26. Qc2 Qc5 27.
Qb1 Rxd3 28. Rxd3 Bd6 29. Qd1 Qe5 30. Rh3 Qd5 31. Qc1 Kh7 32. Qc2 Kh6 33. b3
Rd8 34. Qf2 g5 35. Qe2 g4 36. Qxg4 Qg5 37. Rxh5+ 1-0

[Event "SR 3. liga A2 2009/2010"]
[Site "?"]
[Date "2010.03.14"]
[Round "10.7"]
[White "Planka, Peter"]
[Black "Hornak, Pavol"]
[Result "1-0"]
[WhiteElo "1776"]
[BlackElo "1787"]
[PlyCount "54"]
[EventDate "2009.??.??"]

1. e4 c5 2. Nf3 d6 3. d4 cxd4 4. Nxd4 Nf6 5. Nc3 a6 6. Be2 e5 7. Nf3 Be7 8. O-O
O-O 9. Bg5 Be6 10. Bxf6 gxf6 11. Nd5 f5 12. exf5 Bxf5 13. Bd3 Bg6 14. Bxg6 hxg6
15. Qd2 e4 16. Rfe1 exf3 17. Nxe7+ Kh7 18. Re4 Nc6 19. Rh4+ Kg7 20. Qh6+ Kf6
21. Nxc6 bxc6 22. Re1 Qa5 23. Rf4+ Qf5 24. Rxf5+ Kxf5 25. h4 f6 26. g4+ Kxg4
27. Re4+ Kh3 1-0

[Event "SR 3. liga A2 2009/2010"]
[Site "?"]
[Date "2010.03.14"]
[Round "10.8"]
[White "Prigoda, Lubos"]
[Black "Kubik, Peter"]
[Result "0-1"]
[WhiteElo "1434"]
[BlackElo "1583"]
[PlyCount "80"]
[EventDate "2009.??.??"]

1. e4 e5 2. Nf3 Nc6 3. Bb5 Nf6 4. Nc3 Bc5 5. O-O d6 6. h3 O-O 7. Re1 Nd4 8. Be2
Nxe2+ 9. Qxe2 Nh5 10. d3 Ng3 11. Qd1 f5 12. Be3 Bxe3 13. fxe3 fxe4 14. Nxe4
Nxe4 15. dxe4 Be6 16. b3 Qf6 17. Rf1 Qg6 18. Kh2 Qxe4 19. Ng5 Rxf1 20. Qxf1 Qf5
21. Qxf5 Bxf5 22. c3 h6 23. Nf3 Kf7 24. Rf1 Ke6 25. Nd2 Bd3 26. Rf2 Ke7 27. Kg3
Rf8 28. Rxf8 Kxf8 29. h4 Ke7 30. Kf2 a5 31. a3 c5 32. g3 b5 33. b4 a4 34. Nf3
Ke6 35. Ne1 Be4 36. Ke2 Kd5 37. Kd2 Kc4 38. g4 g5 39. hxg5 hxg5 40. Kc1 Kxc3
0-1

[Event "SR 3. liga A2 2009/2010"]
[Site "?"]
[Date "2010.03.14"]
[Round "10.1"]
[White "Horak, Ivan"]
[Black "Pagerka, Martin"]
[Result "1/2-1/2"]
[WhiteElo "2105"]
[BlackElo "2097"]
[PlyCount "156"]
[EventDate "2009.??.??"]

1. c4 c5 2. Nc3 Nf6 3. e4 d6 4. g3 Nc6 5. Bg2 g6 6. Nge2 Bg7 7. O-O O-O 8. d3
Ne8 9. Be3 Nd4 10. Qd2 Nc7 11. Bh6 e5 12. Bxg7 Kxg7 13. f4 f6 14. fxe5 dxe5 15.
Nd5 Nxd5 16. exd5 Nf5 17. a3 a5 18. b4 Qb6 19. b5 Qc7 20. Rf2 Bd7 21. Raf1 Nd6
22. Qc3 Rae8 23. a4 b6 24. Qd2 Bf5 25. Nc3 Qd7 26. Ne4 Bxe4 27. Bxe4 f5 28. Bg2
Kg8 29. Qc3 Qg7 30. Rc1 Re7 31. Re2 Rfe8 32. Bf3 h5 33. Bg2 g5 34. Qe1 g4 35.
Qd2 Qf6 36. Rf2 h4 37. Rcf1 hxg3 38. hxg3 Qg6 39. Bh1 Rh7 40. Rh2 Rxh2 41. Kxh2
Re7 42. Kg1 Qh5 43. Rf2 Rh7 44. Rh2 Qxh2+ 45. Qxh2 Rxh2 46. Kxh2 Kg7 47. Kg1
Kg6 48. Kf2 Kg5 49. Bg2 f4 50. Be4 Kf6 51. Bh7 Ne8 52. Be4 Ng7 53. Kg2 Ke7 54.
Bg6 Kf6 55. Be4 Kf7 56. Kf2 Nh5 57. gxf4 exf4 58. Bf5 g3+ 59. Kf3 Ke7 60. Bh3
Kd6 61. Ke4 f3 62. Kxf3 Ke5 63. Bf1 Ng7 64. Bh3 Nh5 65. Bf1 Ng7 66. Kxg3 Nf5+
67. Kf3 Nd4+ 68. Ke3 Nf5+ 69. Kd2 Nd4 70. Bg2 Nb3+ 71. Kc3 Nd4 72. Bf1 Nf3 73.
Be2 Nd4 74. Bd1 Nf5 75. Bg4 Nd4 76. Bh5 Nf5 77. Kd2 Nd4 78. Ke3 Nc2+ 1/2-1/2

[Event "SR 3. liga A2 2009/2010"]
[Site "?"]
[Date "2010.03.14"]
[Round "10.2"]
[White "Hecko, Dusan"]
[Black "Kovarik, Oto"]
[Result "1-0"]
[WhiteElo "2115"]
[BlackElo "2053"]
[PlyCount "111"]
[EventDate "2009.??.??"]

1. c4 e6 2. Nc3 d5 3. d4 Nf6 4. Nf3 Be7 5. Bg5 O-O 6. e3 Nbd7 7. Rc1 b6 8. cxd5
exd5 9. Bd3 Bb7 10. O-O c5 11. dxc5 bxc5 12. Qe2 Bd6 13. Rfd1 a6 14. b3 Re8 15.
Qc2 h6 16. Bh4 Rc8 17. Bf5 d4 18. Bxf6 Nxf6 19. Bxc8 Bxf3 20. gxf3 Qxc8 21. Kg2
Qc7 22. Ne4 Nxe4 23. fxe4 Qe7 24. f4 dxe3 25. e5 Qb7+ 26. Kg3 Bb8 27. Qxc5 g5
28. Qd5 gxf4+ 29. Kxf4 Bxe5+ 30. Kf3 Qe7 31. Ke2 Qh4 32. Rg1+ Bg7 33. Rg2 Rd8
34. Qf3 Rd2+ 35. Kf1 Rf2+ 36. Rxf2 exf2 37. Qxf2 Qe4 38. Rc4 Qh1+ 39. Ke2 Qa1
40. Kf3 Qd1+ 41. Kg2 Qd5+ 42. Kf1 Qd1+ $11 43. Qe1 Qd3+ 44. Qe2 Qf5+ 45. Ke1
Qb1+ 46. Qd1 Qf5 47. Qc2 Qe6+ 48. Qe4 Qh3 49. Qe8+ Bf8 50. Qe2 h5 51. Qf2 Qe6+
52. Kf1 Bg7 53. Qf3 Qe5 54. Rc8+ Kh7 55. Qxf7 Qxh2 56. Qf5+ 1-0

[Event "SR 3. liga A2 2009/2010"]
[Site "?"]
[Date "2010.03.14"]
[Round "10.3"]
[White "Sefcik, Marek"]
[Black "Diviak, Rastislav"]
[Result "1-0"]
[WhiteElo "2022"]
[BlackElo "2043"]
[PlyCount "63"]
[EventDate "2009.??.??"]

1. d4 d5 2. Nf3 Nf6 3. Bf4 e6 4. e3 c5 5. c3 Nc6 6. Bd3 Bd6 7. Bg3 O-O 8. Nbd2
b6 9. Ne5 Bb7 10. f4 Qe7 11. Bh4 Qd8 12. Bxf6 Qxf6 13. Nd7 Qe7 14. Nxf8 Rxf8
15. Qh5 g6 16. Qh6 cxd4 17. exd4 f6 18. O-O Re8 19. Rae1 Qf7 20. Re2 Bf8 21.
Qh3 Bc8 22. Qh4 Bg7 23. Rfe1 Bd7 24. Nf1 e5 25. fxe5 fxe5 26. dxe5 Bxe5 27. Qg5
Qg7 28. Bb5 Nd4 29. Rxe5 Rxe5 30. Qxe5 Qxe5 31. Rxe5 Nxb5 32. Rxd5 1-0

[Event "SR 3. liga A2 2009/2010"]
[Site "?"]
[Date "2010.03.14"]
[Round "10.4"]
[White "Cajka, Tibor"]
[Black "Bilovsky, Milan"]
[Result "1/2-1/2"]
[WhiteElo "1932"]
[BlackElo "1940"]
[PlyCount "120"]
[EventDate "2009.??.??"]

1. c4 c5 2. Nc3 Nc6 3. g3 g6 4. Bg2 Bg7 5. e3 e6 6. Nge2 Nge7 7. O-O O-O 8. d4
cxd4 9. exd4 d5 10. cxd5 exd5 11. Bg5 h6 12. Bxe7 Nxe7 13. Qb3 Bg4 14. Qxb7 Rb8
15. Qxa7 Bxe2 16. Nxe2 Rxb2 17. Rfe1 Nc6 18. Qc5 Qf6 19. Rab1 Rfb8 20. Rxb2
Rxb2 21. Qc3 Nxd4 22. Qxb2 Nf3+ 23. Bxf3 Qxb2 24. Bxd5 Qd2 25. Bxf7+ Kxf7 26.
Kf1 Qxa2 27. Nf4 Qc4+ 28. Kg1 g5 29. Ng2 h5 30. h4 Bd4 31. hxg5 Qc3 32. Re4 Qd2
33. Rf4+ Kg6 34. Nh4+ Kh7 35. g6+ Kg8 36. Nf5 Bf6 37. Re4 Qd1+ 38. Kh2 Qd7 39.
Nh4 Bxh4 40. Rxh4 Qf5 41. Rf4 Qxg6 42. Kg2 Qe6 43. Rh4 Qd5+ 44. Kh2 Kg7 45. Rf4
Kg6 46. Kg1 Kg5 47. Kh2 Qd2 48. Kg1 Qe1+ 49. Kg2 Kg6 50. Rh4 Kh6 51. g4 Kg5 52.
Rxh5+ Kxg4 53. Rh3 Qd2 54. Rg3+ Kf4 55. Rf3+ Ke4 56. Re3+ Kd4 57. Kf3 Qd1+ 58.
Kg2 Qg4+ 59. Kf1 Kd5 60. Ke1 Qg2 1/2-1/2

[Event "SR 3. liga A2 2009/2010"]
[Site "?"]
[Date "2010.03.14"]
[Round "10.5"]
[White "Jozefovic, Milan"]
[Black "Pericka, Tomas"]
[Result "1-0"]
[WhiteElo "1904"]
[BlackElo "1910"]
[PlyCount "105"]
[EventDate "2009.??.??"]

1. e4 c5 2. Nf3 Nc6 3. Bc4 g6 4. d4 cxd4 5. Nxd4 Bg7 6. Nxc6 bxc6 7. Qf3 Nf6 8.
O-O O-O 9. e5 Nd5 10. Bxd5 cxd5 11. Qxd5 Rb8 12. Nc3 Qc7 13. Re1 Bb7 14. Qd4 d6
15. Bf4 Qc6 16. f3 dxe5 17. Bxe5 Rbd8 18. Qf2 f6 19. Bd4 e5 20. Bxa7 f5 21. Qb6
Rd2 22. Qxc6 Bxc6 23. Rac1 e4 24. Be3 Rfd8 25. fxe4 Bxc3 26. bxc3 Bxe4 27. Bxd2
Rxd2 28. Rxe4 fxe4 29. a4 e3 30. Re1 Rxc2 31. Rxe3 Ra2 32. Re4 Kf7 33. Rb4 Ke6
34. h3 Kd5 35. Rb7 Rxa4 36. Rxh7 Rc4 37. Rd7+ Ke4 38. Rd4+ Rxd4 39. cxd4 Kxd4
40. Kf2 Ke4 41. Kg3 Kf5 42. h4 Ke6 43. Kg4 Kf6 44. g3 Kf7 45. Kg5 Kg7 46. g4
Kh7 47. Kf6 Kh6 48. Kf7 g5 49. h5 Kh7 50. Kf6 Kh6 51. Kf5 Kh7 52. Kxg5 Kg7 53.
Kh4 1-0

[Event "SR 3. liga A2 2009/2010"]
[Site "?"]
[Date "2010.03.14"]
[Round "10.6"]
[White "Danada, Ondrej"]
[Black "Hrubos, Milan"]
[Result "1/2-1/2"]
[WhiteElo "1884"]
[BlackElo "1854"]
[PlyCount "90"]
[EventDate "2009.??.??"]

1. e4 c5 2. Nf3 d6 3. d4 cxd4 4. Nxd4 Nf6 5. Nc3 a6 6. Bg5 e6 7. f4 Be7 8. Qf3
Nbd7 9. O-O-O Qc7 10. g4 b5 11. Bxf6 Nxf6 12. g5 Nd7 13. f5 Bxg5+ 14. Kb1 Ne5
15. Qh5 Qd8 16. Nxe6 Bxe6 17. fxe6 O-O 18. Rg1 Bf6 19. Bh3 g6 20. exf7+ Kh8 21.
Qe2 Rxf7 22. Nd5 Bg7 23. Be6 Rf8 24. h4 Qxh4 25. Rg2 Qh5 26. Qxh5 gxh5 27. Rh2
h4 28. Rxh4 Nf3 29. Rf4 Be5 30. Rxf8+ Rxf8 31. Bf5 Nd4 32. Bg4 Rf2 33. c3 Nc6
34. Rh1 Rh2 35. Rxh2 Bxh2 36. Nc7 b4 37. Nxa6 bxc3 38. bxc3 Kg7 39. Nb4 Ne5 40.
Be2 Kg6 41. Kc2 h5 42. a4 h4 43. a5 Bg1 44. Nd3 Nxd3 45. Kxd3 h3 1/2-1/2

[Event "SR 3. liga A2 2009/2010"]
[Site "?"]
[Date "2010.03.14"]
[Round "10.7"]
[White "Husek, Lubomir"]
[Black "Jozefek, Michal"]
[Result "0-1"]
[WhiteElo "1749"]
[BlackElo "1902"]
[PlyCount "84"]
[EventDate "2009.??.??"]

1. e4 c5 2. Nf3 d6 3. d4 cxd4 4. Nxd4 Nf6 5. Nc3 Nc6 6. Be3 e5 7. Nb3 Be7 8. f3
Be6 9. Qd2 d5 10. exd5 Nxd5 11. Nxd5 Qxd5 12. Qxd5 Bxd5 13. c3 O-O 14. Be2 b6
15. O-O f5 16. Rfd1 Be6 17. Bb5 Rac8 18. Rd3 g5 19. Rad1 Rf7 20. Nc1 Rg7 21.
Ba4 g4 22. fxg4 f4 23. Bxc6 Rxc6 24. Bf2 Bxg4 25. Re1 Bf6 26. Kf1 Be6 27. b3
Bf5 28. Rf3 Rd6 29. c4 Rgd7 30. c5 bxc5 31. Bxc5 Rd2 32. Rf2 Rxf2+ 33. Bxf2 e4
34. h3 e3 35. Bg1 Bh4 36. Bh2 Bxe1 37. Kxe1 Bc2 38. Ke2 Bd1+ 39. Ke1 Bh5 40.
Ne2 Bxe2 41. Kxe2 Rd2+ 42. Ke1 f3 0-1

[Event "SR 3. liga A2 2009/2010"]
[Site "?"]
[Date "2010.03.14"]
[Round "10.8"]
[White "Skapik, Branislav"]
[Black "Holly, Milan"]
[Result "1-0"]
[WhiteElo "1847"]
[BlackElo "1820"]
[PlyCount "60"]
[EventDate "2009.??.??"]

1. e4 e6 2. d4 b6 3. c4 Bb7 4. Bd3 Nf6 5. f3 Be7 6. Nc3 d5 7. Nge2 O-O 8. O-O
c5 9. cxd5 exd5 10. e5 Nfd7 11. f4 cxd4 12. Nxd4 Bc5 13. Be3 Nc6 14. Nce2 Qe8
15. Rf3 f6 16. e6 Nxd4 17. Nxd4 Bxd4 18. Bxd4 Qxe6 19. Qc2 f5 20. Re3 Qf7 21.
Qc7 Rab8 22. Rae1 Rfc8 23. Qd6 Rc6 24. Qe7 Rf8 25. Qa3 Qg6 26. Rg3 Nc5 27. Rxg6
Rxg6 28. Bxc5 bxc5 29. Qxc5 d4 30. Bc4+ Kh8 1-0

[Event "SR 3. liga A2 2009/2010"]
[Site "?"]
[Date "2010.03.28"]
[Round "11.1"]
[White "Petran, Peter"]
[Black "Pribila, Gerhard"]
[Result "1-0"]
[WhiteElo "2361"]
[BlackElo "2030"]
[PlyCount "69"]
[EventDate "2009.??.??"]

1. g3 d5 2. Bg2 Nf6 3. d3 g6 4. f4 Bg7 5. c3 O-O 6. Nh3 c6 7. O-O Ng4 8. Kh1
Qb6 9. Qb3 Nd7 10. Qxb6 axb6 11. Nf2 Nxf2+ 12. Rxf2 Nf6 13. h3 h5 14. Na3 Ne8
15. e4 e6 16. e5 f6 17. exf6 Nxf6 18. Re2 Re8 19. Nc2 Nd7 20. d4 b5 21. a3 Nb6
22. Nb4 Bf8 23. Nd3 Bd6 24. Be3 Nc4 25. Rae1 b6 26. Bg1 Bd7 27. Bf3 Kf7 28. g4
hxg4 29. Bxg4 Re7 30. Kg2 Rc8 31. Bf2 Rh8 32. Bg3 Rh7 33. b3 Nxa3 34. f5 Bxg3
35. fxe6+ 1-0

[Event "SR 3. liga A2 2009/2010"]
[Site "?"]
[Date "2010.03.28"]
[Round "11.2"]
[White "Kocak, Branislav"]
[Black "Farkas, Gabor"]
[Result "0-1"]
[WhiteElo "1934"]
[BlackElo "2231"]
[PlyCount "90"]
[EventDate "2009.??.??"]

1. d4 Nf6 2. c4 g6 3. Nf3 Bg7 4. Nc3 d5 5. cxd5 Nxd5 6. e4 Nxc3 7. bxc3 c5 8.
Bc4 Nc6 9. Be3 cxd4 10. cxd4 Qa5+ 11. Qd2 Qxd2+ 12. Kxd2 O-O 13. h3 Rd8 14. Kc3
Na5 15. Rac1 Nxc4 16. Kxc4 b6 17. Kd3 Ba6+ 18. Kd2 e5 19. d5 f5 20. Bg5 Rd7 21.
Ke3 h6 22. Bh4 g5 23. Nxg5 hxg5 24. Bxg5 fxe4 25. Kxe4 Kh7 26. f3 Bb7 27. Rhd1
Kg6 28. h4 Bf6 29. Bxf6 Kxf6 30. Rd2 Rad8 31. Rcd1 Rc8 32. g4 Rc4+ 33. Ke3 Rh7
34. Rh1 Rhc7 35. Rhd1 Rc3+ 36. Rd3 Bxd5 37. f4 Rxd3+ 38. Rxd3 exf4+ 39. Kxf4
Rc4+ 40. Kg3 Be6 41. g5+ Ke7 42. Re3 Rg4+ 43. Kh3 Re4+ 44. Kg2 Rxe3 45. Kf2 Rh3
0-1

[Event "SR 3. liga A2 2009/2010"]
[Site "?"]
[Date "2010.03.28"]
[Round "11.3"]
[White "Meszaros, Lorant"]
[Black "Valla, Tomas"]
[Result "1/2-1/2"]
[WhiteElo "2119"]
[BlackElo "1780"]
[PlyCount "71"]
[EventDate "2009.??.??"]

1. d4 Nf6 2. c4 c5 3. d5 e6 4. Nc3 exd5 5. cxd5 d6 6. e4 g6 7. Nf3 Bg7 8. g3
O-O 9. Bg2 Bg4 10. h3 Bxf3 11. Qxf3 a6 12. a4 Nbd7 13. O-O Ne5 14. Qe2 c4 15.
Be3 Qa5 16. Rfd1 Nfd7 17. Bd4 Nd3 18. Bxg7 Kxg7 19. Qc2 N7c5 20. Ne2 Qb4 21.
Qc3+ Qxc3 22. bxc3 Rfe8 23. f3 Nb2 24. Rdb1 Nbxa4 25. Ra3 b5 26. Nd4 Nd3 27.
Bf1 Nac5 28. Bxd3 Nxd3 29. Rba1 b4 30. cxb4 Nxb4 31. Rc3 Rec8 32. Ra4 a5 33.
Kf1 Rc5 34. Ke2 Re8 35. Kd2 Kf6 36. Rca3 1/2-1/2

[Event "SR 3. liga A2 2009/2010"]
[Site "?"]
[Date "2010.03.28"]
[Round "11.4"]
[White "Brunovsky, Peter"]
[Black "Szitasi, Janos"]
[Result "1/2-1/2"]
[WhiteElo "1762"]
[BlackElo "2005"]
[PlyCount "59"]
[EventDate "2009.??.??"]

1. d4 d5 2. Nf3 Nf6 3. Bf4 e6 4. e3 Be7 5. Bd3 O-O 6. O-O c5 7. c3 Nc6 8. Nbd2
Bd7 9. Re1 Qb6 10. Qb3 Qxb3 11. axb3 a6 12. h3 b5 13. Ne5 Nxe5 14. Bxe5 c4 15.
bxc4 bxc4 16. Bc2 Bc6 17. e4 Nd7 18. Bg3 Nf6 19. exd5 Bxd5 20. Ne4 Nh5 21. Bh2
f5 22. Bd1 fxe4 23. Bxh5 Ra7 24. Bg3 Rb7 25. Ra2 Rc8 26. Bg4 Rc6 27. Bf4 Rcb6
28. Bc1 h6 29. Bd1 Bg5 30. Bxg5 1/2-1/2

[Event "SR 3. liga A2 2009/2010"]
[Site "?"]
[Date "2010.03.28"]
[Round "11.5"]
[White "Szekely, Stefan"]
[Black "Zajicek, Ferdinand"]
[Result "1/2-1/2"]
[WhiteElo "1984"]
[BlackElo "1924"]
[PlyCount "29"]
[EventDate "2009.??.??"]

1. c4 c5 2. Nc3 Nc6 3. Nf3 Nf6 4. g3 e5 5. d3 Be7 6. Bg2 O-O 7. O-O d6 8. h3
Rb8 9. Be3 Be6 10. Ng5 h6 11. Nxe6 fxe6 12. Ne4 d5 13. Nxf6+ Rxf6 14. cxd5 exd5
15. Qb3 1/2-1/2

[Event "SR 3. liga A2 2009/2010"]
[Site "?"]
[Date "2010.03.28"]
[Round "11.6"]
[White "Kastler, Peter"]
[Black "Both, Lajos"]
[Result "1-0"]
[WhiteElo "1721"]
[BlackElo "1904"]
[PlyCount "151"]
[EventDate "2009.??.??"]

1. d4 Nf6 2. c4 g6 3. Nc3 Bg7 4. Nf3 O-O 5. e3 d6 6. Bd3 Nbd7 7. Qc2 c6 8. b3
Re8 9. Bb2 e5 10. d5 Nc5 11. dxc6 bxc6 12. Be2 Bf5 13. Qd2 Nfe4 14. Qd1 Nxc3
15. Bxc3 Ne4 16. Bb2 Qa5+ 17. Nd2 Rad8 18. a3 c5 19. f3 Nxd2 20. Qxd2 Qxd2+ 21.
Kxd2 d5 22. Ke1 d4 23. e4 Bc8 24. Bd3 f5 25. b4 fxe4 26. fxe4 cxb4 27. axb4 Re7
28. b5 Rf7 29. Ba3 Be6 30. Bc5 Rdd7 31. Rf1 Bf8 32. Rxf7 Kxf7 33. Bxa7 Bb4+ 34.
Kd1 Rb7 35. Ra6 Bd7 36. Bb6 Ke7 37. c5 Be6 38. Ra7 Rxa7 39. Bxa7 Kd7 40. c6+
Kc7 41. b6+ Kxc6 42. Ba6 Bc5 43. Bb8 Kxb6 44. Be2 Bb4 45. Bxe5 Bc3 46. h3 Bb3+
47. Kc1 Kc5 48. Bd3 Kc6 49. Bc2 Bc4 50. g3 Kd7 51. Ba4+ Ke6 52. Bg7 Kd6 53. Kc2
Ba2 54. Bb3 Bxb3+ 55. Kxb3 Kc5 56. Bf8+ Kb5 57. e5 Kc6 58. e6 Be1 59. Kc4 Bxg3
60. Kxd4 Bc7 61. Ke4 Bh2 62. Kf3 h5 63. Ke4 Bg3 64. Kd4 Bc7 65. Bg7 g5 66. Be5
Bd8 67. Ke4 Be7 68. Kf5 g4 69. hxg4 h4 70. g5 h3 71. g6 Bf8 72. Kf6 Bd6 73. g7
Bxe5+ 74. Kxe5 h2 75. g8=Q h1=Q 76. Qa8+ 1-0

[Event "SR 3. liga A2 2009/2010"]
[Site "?"]
[Date "2010.03.28"]
[Round "11.7"]
[White "Kalmar, Tamas"]
[Black "Papanek, Lubomir"]
[Result "1-0"]
[WhiteElo "1714"]
[BlackElo "1663"]
[PlyCount "125"]
[EventDate "2009.??.??"]

1. d4 Nf6 2. Nf3 e6 3. g3 d5 4. Bg2 c6 5. O-O Be7 6. Nbd2 Nbd7 7. c4 b6 8. Qc2
Bb7 9. e4 dxe4 10. Nxe4 Nxe4 11. Qxe4 Qc7 12. Bf4 Bd6 13. Ne5 Bxe5 14. dxe5
O-O-O 15. Rfd1 h6 16. h4 g5 17. hxg5 hxg5 18. Bxg5 Rdg8 19. Bf4 Rh5 20. Bf3 Rf5
21. Rd6 Nb8 22. Rad1 Qe7 23. Kf1 c5 24. Qxb7+ Qxb7 25. Bxb7+ Kxb7 26. Ke2 Kc7
27. Kf3 Rh5 28. Ke4 Rhh8 29. a3 Rd8 30. Rxd8 Rxd8 31. Rd6 Nc6 32. Rxd8 Kxd8 33.
Bd2 a6 34. a4 Ke7 35. g4 Na7 36. f4 Nc6 37. Bc3 Nb8 38. f5 Nd7 39. Bd2 Kf8 40.
Bh6+ Kg8 41. Bg5 Nb8 42. Bd8 Nd7 43. Bc7 Kg7 44. a5 bxa5 45. Bxa5 Kf8 46. Bc7
Ke8 47. Kd3 a5 48. Kc2 a4 49. Kb1 f6 50. fxe6 Nxe5 51. Bxe5 fxe5 52. Kc2 Ke7
53. Kd3 Kxe6 54. Ke4 Kf6 55. g5+ Kxg5 56. Kxe5 Kg4 57. Kd5 Kf4 58. Kxc5 Ke5 59.
Kb5 Kd4 60. c5 Kd5 61. Kb6 Kc4 62. c6 Kb3 63. Kb5 1-0

[Event "SR 3. liga A2 2009/2010"]
[Site "?"]
[Date "2010.03.28"]
[Round "11.8"]
[White "Drska, Michal"]
[Black "Lelkes, Bela"]
[Result "0-1"]
[WhiteElo "1645"]
[BlackElo "1833"]
[PlyCount "60"]
[EventDate "2009.??.??"]

1. e4 e5 2. Nf3 Nc6 3. Bb5 Nge7 4. O-O d6 5. d4 a6 6. Ba4 b5 7. Bb3 Bg4 8. d5
Nd4 9. Nbd2 Ng6 10. c3 Nxb3 11. Qxb3 Qf6 12. h3 Bd7 13. Nh2 h5 14. Ndf3 Nf4 15.
Bxf4 Qxf4 16. Qc2 g5 17. g3 Qf6 18. Kg2 g4 19. hxg4 hxg4 20. Nh4 Be7 21. Rh1
Qh6 22. Nf1 Bg5 23. Re1 Ke7 24. Ne3 Bxe3 25. Rxe3 Raf8 26. Re2 Kd8 27. c4 f5
28. exf5 Bxf5 29. Qd2 Qxd2 30. Rxd2 Be4+ 0-1

[Event "SR 3. liga A2 2009/2010"]
[Site "?"]
[Date "2010.03.28"]
[Round "11.2"]
[White "Sebesta, Radovan"]
[Black "Merva, Frantisek"]
[Result "1/2-1/2"]
[WhiteElo "2086"]
[BlackElo "2053"]
[PlyCount "51"]
[EventDate "2009.??.??"]

1. d4 Nf6 2. c4 e6 3. Nc3 Bb4 4. Qc2 b6 5. a3 Bxc3+ 6. Qxc3 Bb7 7. Nf3 Ne4 8.
Qc2 O-O 9. e3 d6 10. Bd3 f5 11. O-O Nd7 12. b4 Ndf6 13. Bb2 Qe8 14. Nd2 Qh5 15.
Nxe4 Bxe4 16. Bxe4 Nxe4 17. Qd1 Qg5 18. Qe2 Qh4 19. f3 Ng5 20. d5 Rae8 21. Rae1
e5 22. Rc1 Rf6 23. c5 Rh6 24. g3 Qh5 25. cxd6 cxd6 26. Rc2 $11 1/2-1/2

[Event "SR 3. liga A2 2009/2010"]
[Site "?"]
[Date "2010.03.28"]
[Round "11.3"]
[White "Ujhelyi, Matus"]
[Black "Palka, Miroslav"]
[Result "1/2-1/2"]
[WhiteElo "1983"]
[BlackElo "1976"]
[PlyCount "48"]
[EventDate "2009.??.??"]

1. e4 c5 2. Nf3 d6 3. d4 cxd4 4. Nxd4 Nf6 5. Nc3 g6 6. Be2 Bg7 7. O-O O-O 8.
Be3 Nc6 9. Rc1 Nxd4 10. Bxd4 Qa5 11. Nd5 Nxd5 12. Bxg7 Kxg7 13. Qxd5 Qb4 14. b3
Be6 15. Qb5 Qxb5 16. Bxb5 Rfc8 17. c3 a6 18. Bd3 b5 19. f4 f5 20. Kf2 Rc7 21.
Ke2 Rac8 22. Kd2 Kf6 23. h3 fxe4 24. Bxe4 d5 1/2-1/2

[Event "SR 3. liga A2 2009/2010"]
[Site "?"]
[Date "2010.03.28"]
[Round "11.4"]
[White "Skapikova, Lubica"]
[Black "Takacs, Laszlo"]
[Result "1/2-1/2"]
[WhiteElo "1940"]
[BlackElo "1838"]
[PlyCount "74"]
[EventDate "2009.??.??"]

1. e4 c5 2. Nf3 e6 3. d4 cxd4 4. Nxd4 Nf6 5. Nc3 Nc6 6. Be3 Bb4 7. f3 d5 8. Bb5
Bd7 9. O-O O-O 10. exd5 exd5 11. Nce2 Qe8 12. Qd3 Bc5 13. a4 Ne5 14. Bxd7 Nfxd7
15. Qb3 Nc4 16. Kf2 Nf6 17. Rad1 Nxe3 18. Qxe3 Qxa4 19. Rfe1 Rfe8 20. Qd3 Nd7
21. Kf1 Ne5 22. Qb3 Qxb3 23. Nxb3 Bb6 24. Nf4 Rad8 25. Nxd5 Nc4 26. Rxe8+ Rxe8
27. Re1 Rxe1+ 28. Kxe1 Nxb2 29. Nxb6 axb6 30. Ke2 Kf8 31. Ke3 Ke7 32. Kd4 Kd6
33. Nd2 f5 34. Nf1 b5 35. Ne3 g6 36. Nd5 Nc4 37. Nc3 Na3 $11 1/2-1/2

[Event "SR 3. liga A2 2009/2010"]
[Site "?"]
[Date "2010.03.28"]
[Round "11.5"]
[White "Feher, Tibor"]
[Black "Palka, Martin"]
[Result "1/2-1/2"]
[WhiteElo "1782"]
[BlackElo "1889"]
[PlyCount "39"]
[EventDate "2009.??.??"]

1. d4 d5 2. c4 c6 3. Nf3 Nf6 4. e3 e6 5. Nc3 Nbd7 6. Bd3 dxc4 7. Bxc4 b5 8. Bd3
Bd6 9. Qc2 Bb7 10. O-O O-O 11. Ne4 Nxe4 12. Bxe4 Nf6 13. Bd3 h6 14. Bd2 a6 15.
e4 Be7 16. e5 Nd5 17. Qc1 f5 18. Bxh6 gxh6 19. Qxh6 Qd7 20. Qg6+ $11 1/2-1/2

[Event "SR 3. liga A2 2009/2010"]
[Site "?"]
[Date "2010.03.28"]
[Round "11.6"]
[White "Zisek, Jaroslav"]
[Black "Kahancova, Jana"]
[Result "1-0"]
[WhiteElo "1890"]
[BlackElo "1575"]
[PlyCount "51"]
[EventDate "2009.??.??"]

1. c4 e5 2. Nc3 Nf6 3. d3 c6 4. Nf3 d6 5. e3 Be7 6. Be2 O-O 7. O-O Re8 8. Qc2
Nbd7 9. b3 Nf8 10. d4 exd4 11. Nxd4 Ng6 12. Bb2 d5 13. Rad1 Bd7 14. Nf5 dxc4
15. Bxc4 Qc7 16. Be2 Rad8 17. Nxe7+ Nxe7 18. Nb5 Qb8 19. Nd6 Rf8 20. Be5 Qa8
21. Qb2 Ned5 22. e4 Ne7 23. Bxf6 gxf6 24. Qxf6 Ng6 25. Bc4 Be8 26. Nf5 1-0

[Event "SR 3. liga A2 2009/2010"]
[Site "?"]
[Date "2010.03.28"]
[Round "11.7"]
[White "Mezei, Tibor"]
[Black "Lanik, Miroslav"]
[Result "0-1"]
[WhiteElo "1615"]
[BlackElo "1745"]
[PlyCount "92"]
[EventDate "2009.??.??"]

1. d4 d5 2. c4 c6 3. Nc3 Nf6 4. Bf4 e6 5. c5 Nbd7 6. Nf3 b6 7. b4 a5 8. b5 Bb7
9. cxb6 Qxb6 10. e3 Bb4 11. Qb3 Ne4 12. Rc1 Nxc3 13. Rxc3 cxb5 14. a3 Bxc3+ 15.
Qxc3 b4 16. axb4 Qxb4 17. Kd2 Qxc3+ 18. Kxc3 O-O 19. Bb5 Nf6 20. Nd2 Rfc8+ 21.
Kb2 Ba6 22. Ba4 Ra7 23. Nb3 Bc4 24. Nc5 Ne4 25. Nxe4 dxe4 26. Rc1 Ba6 27. Rxc8+
Bxc8 28. Bc6 f5 29. g4 Ra6 30. Ba4 g6 31. gxf5 gxf5 32. Kc3 Kf7 33. Kc4 Rb6 34.
Kc5 Rb4 35. Bb5 Rb2 36. Bg3 Bb7 37. Kb6 a4 38. Bd6 Bd5 39. Ka5 Bb3 40. Kb4 Bd1+
41. Ka5 Rxf2 42. Bd7 Re2 43. Bf4 a3 44. d5 exd5 45. Bxf5 a2 46. Be5 a1=Q+ 0-1

[Event "SR 3. liga A2 2009/2010"]
[Site "?"]
[Date "2010.03.28"]
[Round "11.8"]
[White "Havlicek, Peter"]
[Black "Matus, David"]
[Result "0-1"]
[WhiteElo "1671"]
[BlackElo "1530"]
[PlyCount "61"]
[EventDate "2009.??.??"]

1. e4 e5 2. Nf3 Nc6 3. Bc4 Nf6 4. Nc3 Bc5 5. O-O O-O 6. a3 d6 7. b4 Bd4 8. Qe1
Bg4 9. Nxd4 Nxd4 10. Ra2 Bf3 11. h3 Nh5 12. d3 Qh4 13. Kh2 Nf4 14. Bxf4 exf4
15. Nb5 Bxg2 16. Kxg2 Qg5+ 17. Kh1 Nxb5 18. Bxb5 Qxb5 19. Rg1 Qh5 20. Qf1 f3
21. Rg3 f5 22. Qg1 g6 23. Kh2 fxe4 24. Rg5 Qh4 25. Rg4 Qf6 26. Rxe4 h5 27. Ra1
Rae8 28. Rae1 Rxe4 29. Rxe4 d5 30. Re3 h4 31. Rxf3 0-1

[Event "SR 3. liga A2 2009/2010"]
[Site "?"]
[Date "2010.03.28"]
[Round "11.1"]
[White "Kocmal, Jaroslav"]
[Black "Abel, Peter"]
[Result "1-0"]
[WhiteElo "2031"]
[BlackElo "2191"]
[PlyCount "118"]
[EventDate "2009.??.??"]

1. e4 Nf6 2. Nc3 d5 3. e5 d4 4. exf6 dxc3 5. fxg7 cxd2+ 6. Qxd2 Qxd2+ 7. Bxd2
Bxg7 8. O-O-O Be6 9. a3 Nd7 10. Nf3 Nb6 11. Be3 Nc4 12. Bxc4 Bxc4 13. Rhe1 Rd8
14. Rxd8+ Kxd8 15. Rd1+ Kc8 16. Ng5 h6 17. Ne4 Be6 18. Nc5 Bf5 19. g4 Bg6 20.
f4 e6 21. Bd4 Bxd4 22. Rxd4 b6 23. Nb3 f5 24. gxf5 Bxf5 25. Rd2 Rg8 26. Rf2 $11
c5 27. Kd2 Kd7 28. Kc3 Kc6 29. Nd2 Kd5 30. b3 b5 31. Re2 Rg4 32. Rf2 a6 33. b4
cxb4+ 34. axb4 Rg7 35. Nb3 Ke4 36. Nc5+ Ke3 37. Rd2 Kxf4 38. Nxa6 e5 39. Nc5 e4
40. Kd4 Re7 41. Rf2+ Kg4 42. Ke3 Bh7 $11 43. Rf6 h5 44. Rf4+ Kh3 45. Rf2 Kg4
46. Rf6 h4 47. Ne6 Kh3 48. Rh6 Kg4 49. Nd4 Rb7 50. c3 Kh3 51. Nxb5 Rxb5 52.
Rxh7 Re5 53. c4 Re8 54. b5 Rc8 55. Kd4 e3 56. Re7 Rd8+ 57. Kc3 Kxh2 58. Rxe3
Rg8 59. Re2+ Rg2 1-0